[Event "Titled Tuesday intern op 12th Dec Early"]
[Site "Chess.com INT"]
[Date "2023.12.12"]
[Round "1"]
[White "Storn, Justin T"]
[Black "Skatchkov, Valery"]
[Result "0-1"]
[WhiteElo "2063"]
[BlackElo "2213"]
[PlyCount "86"]
[EventDate "2023.12.12"]
[EventType "swiss (blitz)"]
[EventRounds "11"]
[EventCountry "USA"]
[SourceTitle "CB51_2023"]
[SourceDate "2023.12.20"]
[SourceVersion "1"]
[SourceVersionDate "2023.12.20"]
[SourceQuality "1"]

1. Nf3 d5 2. g3 Nd7 3. d4 Nb6 4. Bg2 Nf6 5. 0-0 Bf5 6. b3 e6 7. Bb2 c6 8. Nbd2 h6 9. Re1 a5 10. a4 Bb4 11. c3 Bd6 12. Ne5 0-0 13. f4 c5 14. e3 Rc8 15. g4 Bxe5 16. gxf5 Bb8 17. fxe6 fxe6 18. dxc5 Rxc5 19. Ba3 Rxc3 20. Bxf8 Qxf8 21. Rc1 Rxc1 22. Qxc1 d4 23. Nf3 dxe3 24. Qxe3 Qb4 25. Qxe6+ Kh8 26. Ne5 Qxe1+ 27. Bf1 Qe3+ 28. Kg2 Bxe5 29. fxe5 Ne4 30. Qf5 Qg5+ 31. Qxg5 Nxg5 32. h4 Ne6 33. Kf3 Nc5 34. Kf4 Kg8 35. Kf5 Kf7 36. Bb5 Nxb3 37. e6+ Kf8 38. Kg6 Nd4 39. Bd7 Nxd7 40. exd7 Nc6 41. Kf5 Ke7 42. Kg6 b5 43. axb5 Nb8 0-1

[Event "Titled Tuesday intern op 25th Jul Late"]
[Site "Chess.com INT"]
[Date "2023.07.25"]
[Round "4"]
[White "Dimitrov, Atanas Valtchev"]
[Black "Storn, Justin T"]
[Result "1-0"]
[WhiteElo "2269"]
[BlackElo "2057"]
[PlyCount "140"]
[EventDate "2023.07.25"]
[EventType "swiss (blitz)"]
[EventRounds "11"]
[EventCountry "USA"]
[SourceTitle "EXT 2024"]
[Source "ChessBase"]
[SourceDate "2023.10.10"]
[SourceVersion "1"]
[SourceVersionDate "2023.10.10"]
[SourceQuality "1"]

1. Nf3 Nf6 2. c4 g6 3. e3 Bg7 4. Nc3 0-0 5. b3 d6 6. Bb2 e5 7. Be2 Nc6 8. 0-0 Re8 9. d3 a5 10. Nd2 Nd7 11. Nd5 Nc5 12. a3 Be6 13. b4 Nd7 14. Qb3 a4 15. Qc2 Ne7 16. Nxe7+ Qxe7 17. Rfe1 f5 18. Bf3 c6 19. Rac1 g5 20. g3 f4 21. exf4 gxf4 22. Bg2 Rf8 23. Ne4 f3 24. Bf1 Bh6 25. Rcd1 Rf5 26. d4 Rh5 27. Qd3 Rf8 28. dxe5 dxe5 29. Qd6 Qf7 30. Nc5 Nxc5 31. Qxc5 Bg7 32. Bxe5 Bh3 33. Qd4 Bxf1 34. Bxg7 Qxg7 35. Qxg7+ Kxg7 36. Rxf1 Re5 37. Rfe1 Rxe1+ 38. Rxe1 Rf7 39. Re3 h5 40. h3 Kg6 41. Kh2 Kg5 42. Re5+ Kg6 43. g4 hxg4 44. hxg4 Rf4 45. Kg3 Rxc4 46. Re3 Kg5 47. Kxf3 Rf4+ 48. Ke2 Rxg4 49. Re7 b5 50. Rg7+ Kf5 51. Rxg4 Kxg4 52. Ke3 Kf5 53. Kd4 Ke6 54. Kc5 Kd7 55. f4 Kc7 56. f5 Kd7 57. f6 Ke6 58. Kxc6 Kxf6 59. Kxb5 Ke5 60. Kxa4 Kd6 61. Ka5 Kc7 62. Ka6 Kb8 63. Kb6 Ka8 64. Kc7 Ka7 65. b5 Ka8 66. a4 Ka7 67. b6+ Ka6 68. b7 Ka5 69. b8Q Kxa4 70. Kc6 Ka5 1-0

[Event "Titled Tuesday intern op 25th Jul Late"]
[Site "Chess.com INT"]
[Date "2023.07.25"]
[Round "5"]
[White "Storn, Justin T"]
[Black "Bazzano, Sebastian"]
[Result "1-0"]
[WhiteElo "2057"]
[BlackElo "2288"]
[PlyCount "67"]
[EventDate "2023.07.25"]
[EventType "swiss (blitz)"]
[EventRounds "11"]
[EventCountry "USA"]
[SourceTitle "EXT 2024"]
[Source "ChessBase"]
[SourceDate "2023.10.10"]
[SourceVersion "1"]
[SourceVersionDate "2023.10.10"]
[SourceQuality "1"]

1. d4 Nf6 2. c4 e6 3. Nc3 d5 4. cxd5 exd5 5. Bg5 Be7 6. Qc2 0-0 7. e3 c6 8. Bd3 Bg4 9. Nge2 Bh5 10. Nf4 Bg6 11. Nxg6 hxg6 12. 0-0-0 Nbd7 13. h4 b5 14. f3 b4 15. Na4 c5 16. Nxc5 Bxc5 17. dxc5 Nxc5 18. Kb1 Rc8 19. Qd2 b3 20. a3 Nxd3 21. Qxd3 Rc2 22. Qxb3 Rxg2 23. Rd4 Qd6 24. Bxf6 Rb8 25. Qc3 Qxf6 26. Ka1 Qxf3 27. Rb1 Re8 28. Qc7 Qxe3 29. Rxd5 Qe7 30. Rd7 Qf6 31. Qxa7 Ree2 32. Rb7 Rg3 33. Qb8+ Kh7 34. Rb3 1-0

[Event "Titled Tuesday intern op 18th Jul Late"]
[Site "Chess.com INT"]
[Date "2023.07.18"]
[Round "8"]
[White "Pham, Le Thao Nguyen"]
[Black "Storn, Justin T"]
[Result "1-0"]
[WhiteElo "2369"]
[BlackElo "2057"]
[PlyCount "77"]
[EventDate "2023.07.18"]
[EventType "swiss (blitz)"]
[EventRounds "11"]
[EventCountry "USA"]
[SourceTitle "EXT 2024"]
[Source "ChessBase"]
[SourceDate "2023.10.10"]
[SourceVersion "1"]
[SourceVersionDate "2023.10.10"]
[SourceQuality "1"]

1. d4 Nf6 2. c4 c5 3. Nf3 cxd4 4. Nxd4 e5 5. Nb5 d5 6. cxd5 a6 7. N5c3 Bc5 8. e3 e4 9. Nd2 Bf5 10. Ndxe4 Bxe4 11. Nxe4 Bb4+ 12. Bd2 Bxd2+ 13. Nxd2 Qxd5 14. Qb3 Qc6 15. Qc4 0-0 16. Qxc6 Nxc6 17. Bc4 Rfd8 18. Ke2 Ne5 19. Rac1 Rd7 20. Nf3 Nxc4 21. Rxc4 Rad8 22. Rhc1 Kf8 23. Rc7 b5 24. R1c2 Ne4 25. Rxd7 Rxd7 26. Ne5 Rd6 27. b4 f6 28. Nc6 Kf7 29. a3 f5 30. Nd4 g6 31. g3 Kf6 32. h4 Ke5 33. Rc7 Kd5 34. Rxh7 Kc4 35. Rc7+ Kd5 36. Rc2 Rf6 37. Nb3 Nd6 38. Rc5+ Ke4 39. f3# 1-0

[Event "Titled Tuesday intern op 18th Jul Late"]
[Site "Chess.com INT"]
[Date "2023.07.18"]
[Round "7"]
[White "Storn, Justin T"]
[Black "Novikov, Evgenij"]
[Result "1-0"]
[WhiteElo "2057"]
[BlackElo "2276"]
[PlyCount "75"]
[EventDate "2023.07.18"]
[EventType "swiss (blitz)"]
[EventRounds "11"]
[EventCountry "USA"]
[SourceTitle "EXT 2024"]
[Source "ChessBase"]
[SourceDate "2023.10.10"]
[SourceVersion "1"]
[SourceVersionDate "2023.10.10"]
[SourceQuality "1"]

1. d4 Nf6 2. c4 g6 3. Nc3 Bg7 4. e4 d6 5. Nf3 0-0 6. Be2 e5 7. Be3 Nc6 8. d5 Ne7 9. Nd2 b6 10. b4 Nd7 11. f3 f5 12. 0-0 f4 13. Bf2 g5 14. Qc2 Nf6 15. c5 bxc5 16. bxc5 g4 17. cxd6 cxd6 18. Kh1 g3 19. Bg1 Ng6 20. Nb5 Nh4 21. Rfc1 Rf7 22. Bf1 Bf8 23. Nxa7 Bd7 24. Nc6 Qe8 25. h3 Rg7 26. Nc4 Qh5 27. Qe2 Ng4 28. Nb6 Nf2+ 29. Bxf2 gxf2 30. Nxd7 Rxd7 31. Qxf2 Rg7 32. a4 Rg3 33. Rc3 Qe8 34. a5 Qc8 35. a6 Qc7 36. a7 Qb7 37. Qc2 Qd7 38. Rb3 1-0

[Event "Titled Tuesday intern op 21st Mar Late"]
[Site "Chess.com INT"]
[Date "2023.03.21"]
[Round "8"]
[White "Toniutti, Ezio"]
[Black "Storn, Justin T"]
[Result "1-0"]
[WhiteElo "2224"]
[BlackElo "2096"]
[PlyCount "57"]
[EventDate "2023.03.21"]
[EventType "swiss (blitz)"]
[EventRounds "11"]
[EventCountry "USA"]
[SourceTitle "EXT 2024"]
[Source "ChessBase"]
[SourceDate "2023.10.10"]
[SourceVersion "1"]
[SourceVersionDate "2023.10.10"]
[SourceQuality "1"]

1. d4 Nf6 2. c4 g6 3. Nc3 Bg7 4. e4 d6 5. f4 0-0 6. Nf3 c5 7. d5 e6 8. Be2 exd5 9. cxd5 Nbd7 10. 0-0 Ne8 11. Kh1 a6 12. a4 Rb8 13. f5 Nc7 14. Bg5 Bf6 15. Qd2 b5 16. Bh6 Re8 17. fxg6 fxg6 18. Ng5 b4 19. Nd1 Ne5 20. Nf2 a5 21. Rad1 Ba6 22. Bxa6 Nxa6 23. Ne6 Qe7 24. b3 c4 25. bxc4 Nxc4 26. Qe2 Rec8 27. Ng4 Bh8 28. Bg5 Qa7 29. Nh6# 1-0

[Event "Titled Tuesday intern op 14th Dec"]
[Site "Chess.com INT"]
[Date "2021.12.14"]
[Round "7"]
[White "Bethke, Richard"]
[Black "Storn, Justin T"]
[Result "1-0"]
[WhiteElo "2327"]
[BlackElo "2108"]
[PlyCount "83"]
[EventDate "2021.12.14"]
[EventType "swiss (blitz)"]
[EventRounds "11"]
[EventCountry "USA"]
[SourceTitle "EXT 2023"]
[Source "ChessBase"]
[SourceDate "2022.10.05"]
[SourceVersion "1"]
[SourceVersionDate "2022.10.05"]
[SourceQuality "1"]

1. e4 c6 2. Nf3 d5 3. Nc3 Bg4 4. h3 Bxf3 5. Qxf3 e6 6. Be2 Nf6 7. 0-0 dxe4 8. Nxe4 Qd5 9. Nxf6+ gxf6 10. Qxf6 Rg8 11. Bf3 Qa5 12. d3 Nd7 13. Qh4 Bd6 14. Qxh7 0-0-0 15. Qxf7 Qe5 16. g3 Rxg3+ 17. fxg3 Qxg3+ 18. Bg2 Qh2+ 19. Kf2 Rf8 20. Qxf8+ Nxf8 21. Bh6 Ng6 22. d4 Nh4 23. Rg1 Qg3+ 24. Kf1 Qg6 25. Be3 Qxc2 26. Re1 Bg3 27. Be4 Qc4+ 28. Re2 Bd6 29. Rg8+ Kc7 30. Rg7+ Kb6 31. b3 Qc3 32. d5+ c5 33. Rd7 Bg3 34. Bf2 Bxf2 35. Kxf2 Qxh3 36. dxe6 Qh2+ 37. Ke1 Qg3+ 38. Kd1 Qg1+ 39. Kd2 Qg5+ 40. Kc2 Qf6 41. Rxb7+ Ka6 42. e7 1-0

[Event "Titled Tuesday intern op 14th Dec"]
[Site "Chess.com INT"]
[Date "2021.12.14"]
[Round "4"]
[White "Bressy, Theo"]
[Black "Storn, Justin T"]
[Result "0-1"]
[WhiteElo "2266"]
[BlackElo "2108"]
[PlyCount "150"]
[EventDate "2021.12.14"]
[EventType "swiss (blitz)"]
[EventRounds "11"]
[EventCountry "USA"]
[SourceTitle "EXT 2023"]
[Source "ChessBase"]
[SourceDate "2022.10.05"]
[SourceVersion "1"]
[SourceVersionDate "2022.10.05"]
[SourceQuality "1"]

1. e4 c6 2. Bc4 d5 3. Bb3 dxe4 4. Qh5 g6 5. Qh4 Nf6 6. Nc3 Bf5 7. f3 exf3 8. Nxf3 Bg7 9. 0-0 Nbd7 10. d4 c5 11. Bh6 0-0 12. Ng5 cxd4 13. Rxf5 dxc3 14. Bxg7 Kxg7 15. Bxf7 Qb6+ 16. Rf2 cxb2 17. Rb1 Rxf7 18. Nxf7 Qe3 19. Ng5 Ne5 20. h3 h6 21. Ne6+ Kf7 22. Qd4 Qxd4 23. Nxd4 Rd8 24. c3 Nc4 25. Re2 a6 26. Nf3 b5 27. Ne5+ Nxe5 28. Rxe5 Rd2 29. Ree1 Nd5 30. Rf1+ Kg7 31. Rf2 Rxf2 32. Kxf2 Nxc3 33. Rxb2 Na4 34. Re2 Kf6 35. Ke1 e5 36. Kd2 Nc5 37. Rf2+ Ke6 38. Kc2 e4 39. Rf8 Kd5 40. Kd2 Kc4 41. Rd8 b4 42. Ke3 a5 43. Rc8 Kb5 44. g4 a4 45. h4 b3 46. axb3 axb3 47. Rb8+ Kc4 48. h5 gxh5 49. gxh5 Kc3 50. Rc8 Kb4 51. Rb8+ Kc4 52. Ke2 Kd4 53. Rd8+ Kc3 54. Rb8 b2 55. Kd1 Nb3 56. Rc8+ Kd3 57. Rd8+ Nd4 58. Rb8 Kc3 59. Rc8+ Kd3 60. Rb8 e3 61. Rxb2 e2+ 62. Rxe2 Nxe2 63. Ke1 Nd4 64. Kf2 Ke4 65. Kg3 Kf5 66. Kh4 Ne6 67. Kg3 Ng5 68. Kh4 Nf7 69. Kg3 Ne5 70. Kh4 Kf4 71. Kh3 Kg5 72. Kg3 Kxh5 73. Kf4 Kh4 74. Kxe5 Kg4 75. Kf6 h5 0-1

[Event "Titled Tuesday intern op 14th Dec"]
[Site "Chess.com INT"]
[Date "2021.12.14"]
[Round "8"]
[White "Pourkashiyan, Atousa"]
[Black "Storn, Justin T"]
[Result "1-0"]
[WhiteElo "2322"]
[BlackElo "2108"]
[PlyCount "43"]
[EventDate "2021.12.14"]
[EventType "swiss (blitz)"]
[EventRounds "11"]
[EventCountry "USA"]
[SourceTitle "EXT 2023"]
[Source "ChessBase"]
[SourceDate "2022.10.05"]
[SourceVersion "1"]
[SourceVersionDate "2022.10.05"]
[SourceQuality "1"]

1. e4 c6 2. d4 d5 3. Nc3 dxe4 4. Nxe4 Bf5 5. Ng3 Bg6 6. h4 h6 7. Nf3 Nd7 8. h5 Bh7 9. Bd3 Bxd3 10. Qxd3 Ngf6 11. Bd2 e6 12. 0-0-0 Be7 13. Ne4 0-0 14. g4 Nxg4 15. Rdg1 f5 16. Qb3 fxe4 17. Qxe6+ Rf7 18. Rxg4 exf3 19. Bxh6 Bf8 20. Bxg7 Bxg7 21. h6 Qf6 22. hxg7 1-0

[Event "Titled Tuesday intern op 14th Dec"]
[Site "Chess.com INT"]
[Date "2021.12.14"]
[Round "3"]
[White "Storn, Justin T"]
[Black "Potapova, Margarita"]
[Result "0-1"]
[WhiteElo "2108"]
[BlackElo "2257"]
[PlyCount "64"]
[EventDate "2021.12.14"]
[EventType "swiss (blitz)"]
[EventRounds "11"]
[EventCountry "USA"]
[SourceTitle "EXT 2023"]
[Source "ChessBase"]
[SourceDate "2022.10.05"]
[SourceVersion "1"]
[SourceVersionDate "2022.10.05"]
[SourceQuality "1"]

1. d4 Nf6 2. c4 g6 3. Nc3 d5 4. cxd5 Nxd5 5. Bd2 Bg7 6. e4 Nb6 7. Be3 0-0 8. h3 e5 9. d5 c6 10. Qb3 cxd5 11. exd5 N8d7 12. g4 e4 13. Nxe4 Ne5 14. 0-0-0 Bd7 15. Qb4 f5 16. Ng5 Rc8+ 17. Kb1 Na4 18. Be2 a5 19. Qa3 f4 20. Bd4 Qxg5 21. Nf3 Nxf3 22. Bxf3 Bxd4 23. Rxd4 Nc5 24. Qxa5 Qf6 25. Rhd1 Rfe8 26. d6 Bc6 27. Bd5+ Bxd5 28. Rxd5 Nd7 29. Qb5 Qe6 30. Qxb7 Qe4+ 31. Ka1 Qc2 32. Qb3 Qc1+ 0-1

[Event "Titled Tuesday intern op 03rd Aug"]
[Site "Chess.com INT"]
[Date "2021.08.03"]
[Round "6"]
[White "Savitha Shri, B."]
[Black "Storn, Justin T"]
[Result "1-0"]
[WhiteElo "2281"]
[BlackElo "2108"]
[PlyCount "67"]
[EventDate "2021.08.03"]
[EventType "swiss (blitz)"]
[EventRounds "11"]
[EventCountry "USA"]
[SourceTitle "CBM 203 Extra"]
[Source "ChessBase"]
[SourceDate "2021.09.30"]
[SourceVersion "1"]
[SourceVersionDate "2021.09.30"]
[SourceQuality "1"]

1. e4 c6 2. d4 d5 3. Nc3 dxe4 4. Nxe4 Bf5 5. Ng3 Bg6 6. Nh3 Nf6 7. Nf4 e5 8. dxe5 Qa5+ 9. Bd2 Qxe5+ 10. Qe2 Nbd7 11. Nxg6 hxg6 12. Bc3 Qxe2+ 13. Bxe2 0-0-0 14. 0-0-0 Bc5 15. f3 Be3+ 16. Kb1 Bf4 17. Bc4 Ne5 18. Bxe5 Bxe5 19. Bxf7 Rxd1+ 20. Rxd1 Rxh2 21. Nf1 Rxg2 22. Ne3 Rg3 23. Nc4 Bf4 24. a4 g5 25. Rh1 Rxf3 26. Rh8+ Kc7 27. Be6 b6 28. Rf8 Rf1+ 29. Ka2 g4 30. Rf7+ Kd8 31. Rxg7 g3 32. Rg6 Ne4 33. Bh3 Ng5 34. Bxf1 1-0

[Event "Titled Tuesday intern op 03rd Aug"]
[Site "Chess.com INT"]
[Date "2021.08.03"]
[Round "8"]
[White "Storn, Justin T"]
[Black "Koridze, Lile"]
[Result "1-0"]
[WhiteElo "2108"]
[BlackElo "2016"]
[PlyCount "47"]
[EventDate "2021.08.03"]
[EventType "swiss (blitz)"]
[EventRounds "11"]
[EventCountry "USA"]
[SourceTitle "CBM 203 Extra"]
[Source "ChessBase"]
[SourceDate "2021.09.30"]
[SourceVersion "1"]
[SourceVersionDate "2021.09.30"]
[SourceQuality "1"]

1. d4 Nf6 2. c4 e6 3. Nc3 Bb4 4. e3 0-0 5. Bd3 d5 6. a3 Be7 7. b4 dxc4 8. Bxc4 b6 9. Nf3 Bb7 10. Bb2 c5 11. dxc5 Qc7 12. Nb5 Qc6 13. Nbd4 Qc8 14. Rc1 bxc5 15. bxc5 Qxc5 16. 0-0 Qh5 17. Qb3 Be4 18. Qb5 Qh6 19. Qg5 Qxg5 20. Nxg5 Bb7 21. Ndxe6 fxe6 22. Bxe6+ Kh8 23. Rc7 Ng8 24. Rxb7 1-0

[Event "Titled Tuesday intern op 23rd Feb"]
[Site "Chess.com INT"]
[Date "2021.02.23"]
[Round "10"]
[White "Grot, Blazej"]
[Black "Storn, Justin T"]
[Result "1-0"]
[WhiteElo "1763"]
[BlackElo "2112"]
[PlyCount "58"]
[EventDate "2021.02.23"]
[EventType "swiss (blitz)"]
[EventRounds "11"]
[EventCountry "USA"]
[SourceTitle "CBM 200 Extra"]
[Source "ChessBase"]
[SourceDate "2021.03.31"]
[SourceVersion "1"]
[SourceVersionDate "2021.03.31"]
[SourceQuality "1"]

1. e4 c6 2. d4 d5 3. Nd2 dxe4 4. Nxe4 Bf5 5. Ng3 Bg6 6. Nh3 Nd7 7. Nf4 e6 8. c3 Bd6 9. h4 Qc7 10. Qf3 Ngf6 11. h5 Bf5 12. Nxf5 exf5 13. Bd3 0-0-0 14. Kf1 g6 15. hxg6 hxg6 16. Rxh8 Rxh8 17. Kg1 Ng4 18. g3 Ndf6 19. Bd2 Kb8 20. Re1 g5 21. Ng2 Nh2 22. Qxf5 g4 23. Be2 Nd5 24. Bxg4 Nxg4 25. Qxg4 Ka8 26. c4 Nf6 27. Qf5 Be7 28. Bg5 Qd8 29. Rxe7 Qxe7 1-0

[Event "Titled Tuesday intern op 23rd Feb"]
[Site "Chess.com INT"]
[Date "2021.02.23"]
[Round "8"]
[White "Loew, Gerald"]
[Black "Storn, Justin T"]
[Result "1/2-1/2"]
[WhiteElo "2166"]
[BlackElo "2112"]
[PlyCount "164"]
[EventDate "2021.02.23"]
[EventType "swiss (blitz)"]
[EventRounds "11"]
[EventCountry "USA"]
[SourceTitle "CBM 200 Extra"]
[Source "ChessBase"]
[SourceDate "2021.03.31"]
[SourceVersion "1"]
[SourceVersionDate "2021.03.31"]
[SourceQuality "1"]

1. c4 Nf6 2. Nc3 g6 3. g3 d6 4. Bg2 Bg7 5. e4 0-0 6. Nge2 c5 7. 0-0 Nc6 8. d3 Ne8 9. Be3 Nc7 10. d4 cxd4 11. Nxd4 Ne6 12. Nde2 Rb8 13. Rb1 a6 14. b4 b5 15. cxb5 axb5 16. a4 bxa4 17. Qxa4 Ne5 18. Nd5 Bd7 19. Qa5 Bb5 20. Rfe1 Nd3 21. Red1 Nxb4 22. Qxd8 Rfxd8 23. Rxb4 Bxe2 24. Rdb1 Rxb4 25. Rxb4 Bf8 26. Rb7 Re8 27. f3 Bc4 28. Kf2 Ba6 29. Ra7 Bc4 30. Bf1 Bxf1 31. Kxf1 f6 32. Ke2 Kf7 33. h4 Rc8 34. Kd3 Nc5+ 35. Bxc5 Rxc5 36. f4 Rc1 37. f5 Rg1 38. Nc7 Rxg3+ 39. Kd4 gxf5 40. exf5 Rg4+ 41. Kd5 Rf4 42. Nb5 Rxf5+ 43. Kc4 Rc5+ 44. Kb4 f5 45. Nxd6+ Ke6 46. Nc4 Rc8 47. Ra6+ Kf7 48. Ra5 Rb8+ 49. Kc3 e6 50. Kd4 Bg7+ 51. Kd3 Kf6 52. Ra6 Rd8+ 53. Ke3 Bh6+ 54. Kf3 Rd3+ 55. Ke2 Rd4 56. Nb2 Rxh4 57. Nd3 Re4+ 58. Kd1 Bg5 59. Nc5 Rd4+ 60. Ke2 Rd2+ 61. Kf3 f4 62. Nxe6 Kf5 63. Ng7+ Ke5 64. Ra5+ Kf6 65. Ne8+ Kg6 66. Ra6+ Kh5 67. Ng7+ Kh4 68. Nf5+ Kh3 69. Ra7 Rd3+ 70. Ke2 Rd2+ 71. Kxd2 f3+ 72. Ke1 Kg2 73. Ra2+ Kg1 74. Nd4 f2+ 75. Rxf2 Bh4 76. Nf3+ Kh1 77. Nxh4 h5 78. Rf5 Kg1 79. Rxh5 Kh1 80. Nf5+ Kg1 81. Rh3 Kg2 82. Re3 Kh2 1/2-1/2

[Event "Titled Tuesday intern op 23rd Feb"]
[Site "Chess.com INT"]
[Date "2021.02.23"]
[Round "5"]
[White "Murthy, Pappu LN"]
[Black "Storn, Justin T"]
[Result "1-0"]
[WhiteElo "1940"]
[BlackElo "2112"]
[PlyCount "69"]
[EventDate "2021.02.23"]
[EventType "swiss (blitz)"]
[EventRounds "11"]
[EventCountry "USA"]
[SourceTitle "CBM 200 Extra"]
[Source "ChessBase"]
[SourceDate "2021.03.31"]
[SourceVersion "1"]
[SourceVersionDate "2021.03.31"]
[SourceQuality "1"]

1. c4 Nf6 2. Nc3 g6 3. g3 d6 4. Bg2 Bg7 5. e4 0-0 6. Nge2 e5 7. 0-0 c5 8. d3 Nc6 9. h3 a6 10. f4 Rb8 11. a4 Ne8 12. f5 Nc7 13. g4 f6 14. Nd5 g5 15. Be3 Nxd5 16. exd5 Nd4 17. Nxd4 cxd4 18. Bd2 b5 19. axb5 axb5 20. b3 bxc4 21. bxc4 Rb2 22. Ba5 Qd7 23. Rf2 Rb8 24. Rfa2 h5 25. Qa4 hxg4 26. hxg4 Qb7 27. Qc6 Qd7 28. Bc7 Rb3 29. Bxd6 Rd8 30. Qxd7 Rxd7 31. c5 Rxd3 32. Ra8 Rd8 33. Be7 Re8 34. d6 Kf7 35. Bd5+ 1-0

[Event "Titled Tuesday intern op 23rd Feb"]
[Site "Chess.com INT"]
[Date "2021.02.23"]
[Round "3"]
[White "Storn, Justin T"]
[Black "Cella, Glaucio Dalla Cortt"]
[Result "1-0"]
[WhiteElo "2112"]
[BlackElo "1961"]
[PlyCount "85"]
[EventDate "2021.02.23"]
[EventType "swiss (blitz)"]
[EventRounds "11"]
[EventCountry "USA"]
[SourceTitle "CBM 200 Extra"]
[Source "ChessBase"]
[SourceDate "2021.03.31"]
[SourceVersion "1"]
[SourceVersionDate "2021.03.31"]
[SourceQuality "1"]

1. d4 Nf6 2. c4 e6 3. Nc3 d5 4. cxd5 exd5 5. Bg5 c6 6. Qc2 Bb4 7. e3 Qa5 8. Bxf6 gxf6 9. Nge2 0-0 10. a3 Bd6 11. g3 Bg4 12. Bg2 Bh5 13. Nf4 Bxf4 14. gxf4 Kh8 15. 0-0 Rg8 16. Kh1 Qc7 17. Qf5 Bg6 18. Qxf6+ Rg7 19. f5 Nd7 20. Qg5 f6 21. Qg4 Bf7 22. Qh3 Rag8 23. Rg1 Rg5 24. Bf3 Nf8 25. Rxg5 Rxg5 26. Rg1 Rxg1+ 27. Kxg1 Qd7 28. Bg4 b5 29. b4 Qc7 30. Nb1 a5 31. Nd2 axb4 32. axb4 Qd6 33. Qh6 Nd7 34. e4 Qxb4 35. e5 fxe5 36. f6 Qf8 37. Qg5 Be8 38. dxe5 Qg8 39. Qxg8+ Kxg8 40. Be6+ Kf8 41. Nf3 b4 42. Ng5 b3 43. Nxh7# 1-0

[Event "Titled Tuesday intern op 12th Jan"]
[Site "Chess.com INT"]
[Date "2021.01.12"]
[Round "11"]
[White "Janaszak, Dawid"]
[Black "Storn, Justin T"]
[Result "0-1"]
[WhiteElo "2348"]
[BlackElo "2112"]
[PlyCount "100"]
[EventDate "2021.01.12"]
[EventType "swiss (blitz)"]
[EventRounds "11"]
[EventCountry "USA"]
[SourceTitle "CBM 200 Extra"]
[Source "ChessBase"]
[SourceDate "2021.03.31"]
[SourceVersion "1"]
[SourceVersionDate "2021.03.31"]
[SourceQuality "1"]

1. d4 Nf6 2. Bf4 g6 3. Nc3 Bg7 4. e4 d6 5. Qd2 0-0 6. Bh6 c5 7. d5 e6 8. Bxg7 Kxg7 9. dxe6 Bxe6 10. 0-0-0 Nc6 11. Nf3 Qa5 12. a3 Rab8 13. h4 Bg4 14. Bd3 b5 15. Nd5 Qxd2+ 16. Rxd2 Nxd5 17. exd5 Bxf3 18. gxf3 Ne5 19. Be2 b4 20. f4 Nd7 21. f5 bxa3 22. bxa3 Nf6 23. fxg6 hxg6 24. Bf3 Rfe8 25. Rg1 Re5 26. Rg5 Rxg5 27. hxg5 Nh7 28. Be2 Nxg5 29. Rd3 Ne4 30. f3 Nf6 31. Kd2 Rh8 32. Rb3 Nxd5 33. Rb7 Rh2 34. Ke1 Nf4 35. Bc4 d5 36. Bf1 Rxc2 37. Rxa7 d4 38. Kd1 Rc3 39. a4 Rxf3 40. Bc4 Nd3 41. Kd2 Ne5 42. Bd5 Rd3+ 43. Kc2 Rc3+ 44. Kd2 Ra3 45. a5 Kf6 46. a6 c4 47. Ra8 c3+ 48. Kc2 d3+ 49. Kb1 c2+ 50. Kb2 Ra1 0-1

[Event "Titled Tuesday intern op 12th Jan"]
[Site "Chess.com INT"]
[Date "2021.01.12"]
[Round "4"]
[White "Storn, Justin T"]
[Black "Simonovic, Miroslav"]
[Result "1-0"]
[WhiteElo "2112"]
[BlackElo "2119"]
[PlyCount "99"]
[EventDate "2021.01.12"]
[EventType "swiss (blitz)"]
[EventRounds "11"]
[EventCountry "USA"]
[SourceTitle "CBM 200 Extra"]
[Source "ChessBase"]
[SourceDate "2021.03.31"]
[SourceVersion "1"]
[SourceVersionDate "2021.03.31"]
[SourceQuality "1"]

1. d4 Nf6 2. c4 c5 3. Nc3 b5 4. cxb5 cxd4 5. Qxd4 Bb7 6. Nf3 g6 7. Bg5 Bg7 8. Qd2 Ne4 9. Nxe4 Bxe4 10. Bh6 Bxh6 11. Qxh6 Bxf3 12. exf3 Qa5+ 13. Qd2 Qxd2+ 14. Kxd2 d6 15. Bd3 Nd7 16. b4 e6 17. f4 d5 18. Rhc1 Ke7 19. Rc7 Rhc8 20. Rac1 Rxc7 21. Rxc7 Kd8 22. Rc6 Nb8 23. Rc2 Nd7 24. Ke3 Rc8 25. Rc6 Rxc6 26. bxc6 Nb6 27. Kd4 Kc7 28. b5 a6 29. bxa6 Kxc6 30. Ke5 Nd7+ 31. Kd4 Kb6 32. a4 f6 33. Bb5 Nb8 34. a7 Kxa7 35. g4 Kb6 36. g5 fxg5 37. fxg5 Nc6+ 38. Ke3 Kc5 39. f4 Ne7 40. Bd7 Kd6 41. Be8 Nf5+ 42. Kd3 e5 43. fxe5+ Kxe5 44. a5 Nd6 45. Bc6 Nc8 46. h4 Na7 47. Bd7 Kd6 48. Be8 Ke7 49. Ba4 Kd6 50. Kd4 1-0

[Event "Titled Tuesday intern op 29th Dec"]
[Site "Chess.com INT"]
[Date "2020.12.29"]
[Round "1"]
[White "Storn, Justin T"]
[Black "Karacsonyi, Gellert"]
[Result "0-1"]
[WhiteElo "2112"]
[BlackElo "2277"]
[PlyCount "112"]
[EventDate "2020.12.29"]
[EventType "swiss (blitz)"]
[EventRounds "11"]
[EventCountry "USA"]
[SourceTitle "CBM 200 Extra"]
[Source "ChessBase"]
[SourceDate "2021.03.31"]
[SourceVersion "1"]
[SourceVersionDate "2021.03.31"]
[SourceQuality "1"]

1. d4 Nf6 2. c4 e6 3. Nc3 Bb4 4. e3 0-0 5. Bd3 c5 6. Nf3 d5 7. 0-0 dxc4 8. Bxc4 cxd4 9. exd4 b6 10. Bg5 Bb7 11. Rc1 Nc6 12. a3 Be7 13. Ba2 h6 14. Bh4 Nd5 15. Bxe7 Ncxe7 16. Qd2 Rc8 17. Ne5 Nxc3 18. Rxc3 Rxc3 19. bxc3 Nc6 20. Re1 Nxe5 21. Rxe5 Qc7 22. f4 Rc8 23. c4 Rd8 24. Re1 Qd6 25. Rd1 Qxa3 26. Bb1 Qb3 27. Bd3 g6 28. h4 Rxd4 29. Qe2 Rxf4 30. Bxg6 Qc3 31. Bh5 Qf6 32. Rd7 Qa1+ 33. Kh2 Bc6 34. Qe3 Rxh4+ 35. Kg3 Bxd7 36. Kxh4 Qf6+ 37. Kh3 e5+ 38. Kh2 Qf4+ 39. Qg3+ Qxg3+ 40. Kxg3 a5 41. Bd1 a4 42. Bc2 a3 43. Bb3 Bc6 44. Kf2 f5 45. g3 Kg7 46. Ke3 Kf6 47. Kd3 Ba4 48. Ba2 h5 49. c5 bxc5 50. Kc4 f4 51. Kxc5 fxg3 52. Kb4 g2 53. Kxa4 g1Q 54. Kxa3 Qa7+ 55. Kb4 Qxa2 56. Kc5 Qb3 0-1